banner-ar

"صفوة التفسير: تفسير للقران الكريم, جامع بين الماثور والمعقول مستمد من اوثق كتب التفثير "" الطبرى, الكشاف, القرطبى, الالوسى, ابن كثير,البحر المحيط "" وغيرها باسلوب ميسر وتنظيم حديث , مع العنايةبالوجوه البيانية واللغوية, ط 5" / (Record no. 32110)

MARC details
000 -الفاتح
حقل البيانات ثابتة الطول 00923nam a2200193Ia 4500
008 - عناصر البيانات ثابتة الطول - معلومات عامة
حقل البيانات ثابتة الطول 140319s9999 xx 000 0 ara d
040 ## - مصدر الفهرسة
وكالة الفهرسة الأصلية GCL /
وكالة النسخ GCL
082 04 - رقم تصنيف ديوى العشرى
رقم التصنيف 227
رقم المادة م ص
100 1# - المدخل الرئيسى - إسم شخصى
الإسم الشخصى محمد على الصابونى
245 10 - بيان العنوان
العنوان "صفوة التفسير: تفسير للقران الكريم, جامع بين الماثور والمعقول مستمد من اوثق كتب التفثير "" الطبرى, الكشاف, القرطبى, الالوسى, ابن كثير,البحر المحيط "" وغيرها باسلوب ميسر وتنظيم حديث , مع العنايةبالوجوه البيانية واللغوية, ط 5" /
بيان المسئوليه,etc محمد على الصابونى
260 ## - PUBLICATION, DISTRIBUTION, ETC. (IMPRINT)
تاريخ النشر أو التوزيع 1976
300 ## - الوصف المادى
التعداد متعدد الترقيم
490 ## - بيان السلسلة
عنوان السلسلة
650 04 - المدخل الاضافى بالموضوع-مصطلح موضوعى
مصطلح موضوعي الاسلام
650 04 - المدخل الاضافى بالموضوع-مصطلح موضوعى
مصطلح موضوعي التفاسير
650 04 - المدخل الاضافى بالموضوع-مصطلح موضوعى
مصطلح موضوعي القران
942 ## - عناصر المدخل الإضافي( كوها)
مصدر التصنيف او مخطط الترفيف Dewey Decimal Classification
Koha [default] item type كتاب
260 ## - PUBLICATION, DISTRIBUTION, ETC. (IMPRINT)
-- [S.N] :
-- دار القلم للتراث ،
Holdings
حالة التراجع حالة الفقد حالة تلف ليس للاعارة المكان المؤقت الموقع الحالى تاريخ الاكتساب اجمالي اﻻعارات رقم الطلب الباركود تاريخ اخر مشاهدة تاريخ تفعيل السعر نوع وعاء كوها
        مكتبة القاهرة الكبرى مكتبة القاهرة الكبرى 03/26/2014   227\م ص 75434 03/26/2014 03/26/2014 كتاب
        مكتبة القاهرة الكبرى مكتبة القاهرة الكبرى 03/26/2014   227\م ص 75435 03/26/2014 03/26/2014 كتاب
        مكتبة القاهرة الكبرى مكتبة القاهرة الكبرى 03/26/2014   227\م ص 75436 03/26/2014 03/26/2014 كتاب
        مكتبة القاهرة الكبرى مكتبة القاهرة الكبرى 03/26/2014   227\م ص 75437 03/26/2014 03/26/2014 كتاب
        مكتبة القاهرة الكبرى مكتبة القاهرة الكبرى 03/26/2014   227\م ص 75438 03/26/2014 03/26/2014 كتاب
        مكتبة القاهرة الكبرى مكتبة القاهرة الكبرى 03/26/2014   227\م ص 75439 03/26/2014 03/26/2014 كتاب

Powered By

EGPV